000 00828naa a2200253 4500
005 20180830111251.0
008 090810t xxu||||| |||| 00| 0 eng d
010 _aENG-94692
020 _c895.00
_a9788176488655
020 _c895.00
_a8176488658
035 _aEN-78225, B-158898,B-158889
037 _bDBAD / PUB
040 _adpl
_bEnglish
082 _a333.7
100 _aDutta, Abhijit
245 _aEnvironmental economics /
_cby Abhijit Dutta, Sunita Dutta [and] P.N. Pandey
260 _aNew Delhi
_bAPH Publishing Co.
_c2009
270 _a4435-36/7, Ansari Road, Daryaganj,
_bNew Delhi
_e110 002
300 _ax 365p.
_c22cm(Hb)
500 _aIncludes bibliographical references and index
700 _aDutta, Sunita
700 _aPandey, P.N.
942 _adpl
_cEN
_2ddc
_h333.7
_mBIS
999 _c29075
_d29075